| 000 | 00531nam a22001697a 4500 | ||
|---|---|---|---|
| 999 |
_c8683 _d8683 |
||
| 008 | 201210b ||||| |||| 00| 0 eng d | ||
| 040 | _aBMS College of Architecture | ||
| 100 | _aHussain, Aqsha | ||
| 245 | _aBuilding an audience for art Islamic art centre | ||
| 300 | _avi,64p. | ||
| 500 | _a1BM12AT086 | ||
| 502 |
_8B,Arch _NBMS College of Architecture, Visvesvaraya Technological University (VTU) _aProject report _d2016 |
||
| 650 | _aNA | ||
| 700 |
_aRiju C Thomas _eGuide |
||
| 700 |
_aRadhika Kak _eGuide |
||
| 942 |
_2ddc _cTHE |
||